000 00673nam a2200241Ia 4500
003 OSt
005 20220918205208.0
006 a|||||r|||| 00| 0
007 ta
008 220917b |||||||| |||| 00| 0 eng d
024 _a115,679
037 _cTextual
040 _aARTS
_cARTS
_beng
041 _2eng
_aeng
082 _aXv656.N5, K5
100 _aClower Robert W
_9114400
245 0 _aGrowth wirthout development
_b an economic survey of Liberia
260 _aEvanston
_bNorthwestern University Press
_c1966
300 _a385p
_ccm.
650 _aECONOMICS
942 _hXv656.N5, K5
_cTEXL
_2CC
999 _c239008
_d239008